Click a Sam Quiz Stats

 Plays Quiz Updated Jun 19, 2017

Support Sporcle.
Go Orange.
Score 0/16 Timer 05:00
1 Play Today
% Correct
L. Jackson
93.6%
Davis Jr.
86.2%
de Champlain
85.1%
Colt
85.1%
Adams
84.5%
Goldwyn
79.4%
Houston
75%
Cameron
65.7%
% Correct
Smith
62.2%
Beckett
61.7%
Raimi
59.5%
Taylor Coleridge
59.1%
Fox
57.3%
Eggar
43.8%
Johnson
40%
Pepys
40%

You're not logged in!

Compare scores with friends on all Sporcle quizzes.
OR
Log In
Forgot?

From the Vault

Three Matching Vowels

by sproutcm

I don't know why, but I think you would do better on this quiz wearing a muumuu.
Remove Ads.
Support Sporcle.
Get the best of Sporcle when you Go Orange. This ad-free experience offers more features, more stats, and more fun while also helping to support Sporcle. Thank you for becoming a member.

Show Comments

Extras

Top Quizzes Today


Score Distribution

Your Account Isn't Verified!

In order to create a playlist on Sporcle, you need to verify the email address you used during registration. Go to your Sporcle Settings to finish the process.

Report this User

Report this user for behavior that violates our Community Guidelines.

Details: